000 00362nam a2200145Ia 4500
005 20251222143220.0
008 251222s9999||||xx |||||||||||||| ||spa||
020 _a84-7615-722-X
082 _a330.1/E35
100 _aEkelund, Robert
245 0 _aHistoria de la Teoría Económica y de su Método
250 _a3a.ed.
264 _bMcGraw-Hill
942 _cLIB
999 _c13781
_d13781